Országos tanévnyitó Komáromban

Podrobná bibliografia
Hlavný autor: Jakubecz, Márta, 1962- (Autor)
Médium: Článok
Jazyk:maďarčina
ISSN:1335-6534
Predmet:

MARC

LEADER 00000nab a2200000 a 4500
001 vtls000809278
003 SK-MaSNL
005 20260318114726.0
008 160405c2002 xo 0 hun
015 |a SNBRB2002/10-31720 
035 |a CLN000160933 
040 |a SNKBUCL  |b slo  |c SNKBUCL  |e AACR2 
041 0 |a hun 
044 |a xo  |c SK 
080 |a 376.7(437.6=945.11):061.7  |2 1997 
100 1 |a Jakubecz, Márta,  |d 1962-  |4 aut  |9 306255 
245 1 0 |a Országos tanévnyitó Komáromban  |c Jakubecz Márta 
650 0 7 |a školy s vyučovacím jazykom maďarským  |x šk.r. 2002/2003  |x otvorenie slávnostné  |2 snkbucl  |9 1615673 
651 7 |a Komárno (Slovensko : okres)  |2 snkbucl  |9 15954 
655 7 |a články z novín a časopisov  |2 snkbucl  |9 267496 
773 0 |x 1335-6534  |t Remény  |g Roč. 13, č. 37 (2002), s. 5 
850 |a Slovenská národná knižnica v Martine 
852 |a SNK  |b KIS3GCP 
958 |a HU 
958 |a SK 
958 |a RBX 
999 |c 3328920  |d 3330850